Report of the international seminar held in Hanover, Federal Republic of Germany, on 12th-14th April 1986 on the topic- high-speed traffic on the railway network of Europe. (Record no. 542943)

000 -LEADER
fixed length control field 00826nam a2200169 a 4500
020 ## - INTERNATIONAL STANDARD BOOK NUMBER
International Standard Book Number 9282111121 (pbk.)
082 00 - DEWEY DECIMAL CLASSIFICATION NUMBER
Classification number 385
Author Mark EUR
-- L-18 ,P-17
245 00 - TITLE STATEMENT
Title Report of the international seminar held in Hanover, Federal Republic of Germany, on 12th-14th April 1986 on the topic- high-speed traffic on the railway network of Europe.
260 ## - PUBLICATION, DISTRIBUTION, ETC.
Place of publication, distribution, etc. Paris, France :
Name of publisher, distributor, etc. European Conference of Ministers of Transport ;
Place of publication, distribution, etc. Washington D.C. :
Name of publisher, distributor, etc. Sales agents, OECD Publications and Information Centre,
Date of publication, distribution, etc. 1986.
300 ## - PHYSICAL DESCRIPTION
Extent 123 p. :
Other physical details map ;
Dimensions 27 cm.
500 ## - GENERAL NOTE
General note At head of title: Economic Research Centre.
526 ## - STUDY PROGRAM INFORMATION NOTE
Program name 0
Interest level 0
Reading level 0
Title point value 385_000000000000000_EUR
650 #0 - SUBJECT ADDED ENTRY--TOPICAL TERM
Topical term or geographic name entry element High speed ground transportation
Geographic subdivision Europe
General subdivision Congresses.
9 (RLIN) 38316
650 #0 - SUBJECT ADDED ENTRY--TOPICAL TERM
Topical term or geographic name entry element MCE
9 (RLIN) 379
710 2# - ADDED ENTRY--CORPORATE NAME
Corporate name or jurisdiction name as entry element European Conference of Ministers of Transport.
9 (RLIN) 38317
942 ## - ADDED ENTRY ELEMENTS (KOHA)
Source of classification or shelving scheme
Koha item type Book
Holdings
Withdrawn status Lost status Source of classification or shelving scheme Damaged status Not for loan Permanent Location Current Location Date acquired Total Checkouts Full call number Barcode Date last seen Price effective from Koha item type
          Military College of Engineering (MCE) Military College of Engineering (MCE) 02/26/2014   385 EUR MCE-24936 02/26/2014 02/26/2014 Book
© 2023 Central Library, National University of Sciences and Technology. All Rights Reserved.